000 00563nam a2200181Ia 4500
008 220216s9999 xx 000 0 und d
100 _aKala R G
245 0 _aAgrobacterium mediated genetic transformation in Hevea brasiliensis for recombinant protein production
260 _bPlacrosym XVII, 2006, Kochi, India. Journal of Plantations Crops, 34(3): pp.582-586.
700 _aAnu K S
700 _aJayasree P K
700 _aManesh K
700 _aNarayanan P R
700 _aSaleena A
700 _aThomas G
700 _aThulasedharan A
942 _cBS
999 _c48889
_d48889